Welcome to the Holygrace Academy Library

Please use search bar below to get started

MURDER IN THE ASHRAM (Record no. 3547)

MARC details
000 -LEADER
fixed length control field 00646nam a22001457a 4500
020 ## - INTERNATIONAL STANDARD BOOK NUMBER
ISBN 978-0-7499-5363-8
082 ## - DEWEY DECIMAL CLASSIFICATION NUMBER
Classification number 823
Item number MCC/M
100 ## - MAIN ENTRY--AUTHOR NAME
Personal name McCAUL, KATHLEEN
245 ## - TITLE STATEMENT
Title MURDER IN THE ASHRAM
Remainder of title WELCOME TO THE DARK SIDE OF DELHI
260 ## - PUBLICATION, DISTRIBUTION, ETC. (IMPRINT)
Place of publication LONDON
Name of publisher HACHETTE
Year of publication 2011
300 ## - PHYSICAL DESCRIPTION
Number of Pages 309
520 ## - SUMMARY, ETC.
Summary, etc She discovers that the yoga world isn't always the calm, spiritual place advertised, but that beneath the breathing exercises and dog poses lies something sinister - something that she's certain points to dark, hidden secrets that could have huge repercussions for all involved if discovered
650 ## - SUBJECT ADDED ENTRY--TOPICAL TERM
Topical Term NOVEL
Geographic subdivision 978-0-7499-5363-8
942 ## - ADDED ENTRY ELEMENTS (KOHA)
Koha item type Books
Holdings
Withdrawn status Lost status Collection code Home library Current library Shelving location Date acquired Source of acquisition Full call number Accession Number Koha item type
    Fiction Main Library Main Library SHELF 14 H ALPHEBETICAL - M-FICTION 15/10/2011 purchase 823 MCC/M 05612 Books